000 00366nam a2200133Ia 4500
005 20260328104330.0
008 260328s9999||||xx |||||||||||||| ||und||
100 _aMarkarian, Roberto
245 0 _aBeltrán Arbeleche; Miguel Ángel Canale /
_cRoberto Markarian
260 _bUniversidad de la República
300 _a126 p.
650 _aARQUITECTOS
942 _cBK
999 _c11664
_d11664